| 000 | 00396nam a2200145Ia 4500 | ||
|---|---|---|---|
| 008 | 240729s9999 xx 000 0 und d | ||
| 022 | _a1644-3276 | ||
| 245 | 0 | _aActa Angiologica | |
| 260 | _aPoland | ||
| 260 | _bVM Media sp. z o.o. VM Group sp.k. Grupa Via Medica | ||
| 650 | _aMedicine | ||
| 856 | _uhttps://doaj.org/toc/49f320c85ab44dc2b8eb6cb81facc9ea | ||
| 942 | _2ddc | ||
| 942 | _cDOAJEJ | ||
| 999 |
_c68907 _d68907 |
||
| 945 |
_a1 _bMadushi Gamage _c1 _dMadushi Gamage |
||